000 01735cam a22003131i 4500
003 SA-RiAUC
005 20250712132023.0
008 250710s1990 le a g 00010 ara c
035 _aADRIF2018-1691
040 _aSA-RiAUC
_bara
_cSA-RiAUC
_erda
082 0 4 _a232.6
_qSA-RiAUC
090 _a232.6
_bا ل ب
100 1 _aالألباني، محمد ناصر الدين،
_d1914-1999
_eمؤلف.
245 1 0 _aضعيف الجامع الصغير وزيادته الفتح الكبير /
_cمحمد ناصر الدين الألباني، أشرف على طبعه زهير الشاويش.
250 _aالطبعة الثالثة، مجددة ومزيدة ومنقحة.
264 1 _aبيروت :
_bالمكتب الإسلامي،
_c1990
300 _a942 صفحة :
_bإيضاحيات ؛
_c24 سم
336 _aنص
_btxt
_2rdacontent
_3كتاب
337 _aبدون وسيط
_bn
_2rdamedia
338 _aمجلد
_bnc
_2rdacarrier
650 7 _aالحديث
_xالجوامع (عدا ما ذكر في الكتب الستة)
_2aucsh
650 7 _aالحديث
_xالجرح والتعديل
_2aucsh
650 7 _aالحديث
_xالإسناد الضعيف
_2aucsh
700 1 _aالشاويش، زهير،
_d1925-2013
_eمشرف.
700 1 2 _iتخريج لـ (عمل) :
_aالنبهاني، يوسف بن إسماعيل بن يوسف،
_d1265-1350 هجري.
_tالفتح الكبير في ضم الزيادة إلى الجامع الصغير.
700 1 2 _iتخريج لـ (عمل) :
_aالجلال السيوطي، عبد الرحمن بن أبي بكر بن محمد،
_d849-911 هجري.
_tالجامع الصغير في أحاديث البشير النذير
942 _2ddc
_cBOOK
_n0
949 _aSA-JeALM
_d250710
_umohamedma123
_n1
999 _c9787
_d9787